Kirjaimella L alkavia kaupunkeja kartalla - Statistics

Yleistilastot
  • Tätä visaa on pelattu 1 232 kertaa
  • Keskiarvotulos 15 / 26
Vastaukset kartalla
Vastauksille on annettu kartalla punavihreä väri sen mukaan, kuinka moni on saanut sen oikein.
 
Vastaustilastot
Kaupunki % Oikein
Lissabon
94%
Lontoo
93%
Los Angeles
89%
Lima
86%
Ljubljana
75%
Lyon
75%
Las Vegas
73%
Lagos
64%
Luanda
62%
La Paz
58%
Luxor
58%
Lusaka
56%
Lviv
55%
Las Palmas
54%
Lahore
51%
Leeds
50%
Leipzig
49%
Limerick
48%
Lille
45%
Lhasa
44%
Libreville
42%
Lilongwe
41%
Lárnaka
30%
Lucknow
23%
Lubumbashi
21%
Lanzhou
18%
Ehtoja vastaavia visoja ei löytynyt
Tulosjakauma
Jokaisen tuloksen saaneiden osuus
Persentiili vastausten määrän mukaan
Tuloshistoriasi
Et ole pelannut tätä visaa